Estadísticas para Huesos del craneo

Haz click aquí para intentar la prueba.

Estadísticas generales

  • Esta prueba ha sido intentada 13 veces
  • La puntuación promedio es 4 de 6

Estadísticas de respuestas

Ese pato feoHuesos% Correcto
PaParietal
100%
FFrontal
91%
OOccipital
91%
TTemporal
73%
EseEsfenoides
27%
EoEtmoides
18%

Distribución de puntuación

Porcentaje por número respondido

Porcentaje de gente con cada puntuación

Historial de tus puntuaciones

No has intentado esta prueba.